Missing Word: CBS Shows (1990s) Quiz Stats

Quiz Updated Oct 14, 2016

Challenge
Share
Tweet
Embed
Score 0/20 Timer 02:00
0 Plays Today
Televison Series Missing Word % Correct
Everybody Loves _____Raymond
96.4%
The _____ of QueensKing
95.4%
Late Show with David _____Letterman
93.7%
_____, Texas RangerWalker
88.8%
_____ by an AngelTouched
87.5%
Judging _____Amy
83.5%
Diagnosis _____Murder
82%
Dr. _____, Medicine WomanQuinn
81.2%
Northern _____Exposure
63.3%
_____ GothicAmerican
54.6%
Televison Series Missing Word % Correct
_____ FencesPicket
52.1%
_____ BridgesNash
47.6%
The _____ Hines ShowGregory
32.6%
Silk _____Stalkings
28%
___ and AgainNow
27.2%
Early _____Edition
23.4%
Due _____South
21.2%
_____ PerfectAlmost
12.3%
The _____ PalaceGolden
6.5%
Under _____Suspicion
2.4%

Today's Daily Dose

Missing Word
1998 A-Z Movies

Word Ladder
5 Vowel Sounds

Quick Pick
Legal Terms

On This Day
June 25th II

You're not logged in!

Compare scores with friends on all Sporcle quizzes.
Join for Free
OR
Log In

You Might Also Like...

Show Comments

Extras

Top Quizzes Today


Score Distribution

Your Account Isn't Verified!

In order to create a playlist on Sporcle, you need to verify the email address you used during registration. Go to your Sporcle Settings to finish the process.

Report this User

Report this user for behavior that violates our Community Guidelines.

Details: